| 000 | 00575nam a2200181Ia 4500 | ||
|---|---|---|---|
| 003 | OSt | ||
| 005 | 20251119094619.0 | ||
| 008 | 210210b1954 xxu||||| |||| 00| 0 eng d | ||
| 040 | _cAL | ||
| 041 | _aKannada | ||
| 082 | _a851/81 | ||
| 100 |
_aKUMARAVYASA _985828 _dಕುಮಾರವ್ಯಾಸ |
||
| 245 |
_aKannada maha bharata adiparva sangrahavu _bಕನ್ನಡ ಮಹಾಭಾರತ ಆದಿಪರ್ವ ಸಂಗ್ರಹವು |
||
| 260 |
_aMaisuru _bTa Vem Smaraka Granthamale _c1954 |
||
| 690 |
_aKannada Poetry _985829 |
||
| 906 | _a018098 | ||
| 942 |
_2ddc _cBK |
||
| 999 |
_c141230 _d141230 |
||